00710nam a2200205 a 450000100060000000300080000600500170001400800410003103500200007204000330009204100080012508200220013310000500015524501160020526000750032130000200039665000290041665000260044570000330047159673BD-RjUL20211209080745.0161226s1950 be 000 0 eng  a(BD-RjUL) 59797 aDLCcCarPdDLCdBD-RjULbeng aeng 223a351bMII 19501 aMiles, Arnold,d1908-1957. [from old catalog]10aIssues and problems in the administrative organization of national governments /cArnold Miles and Alan L. Dean aBrussels :bInternational Institute of Administrative Sciences, c1950 a39 p. ;c23 cm. 0aAdministrative agencies. 0aPublic administration1 aDean, Alan L.ejoint author.